000 00502nam a2200193 a 4500
001 1766566526809
003 YourLibrary
005 20251226115017.0
008 251224s1998##################000#0#eng##
020 _a9780192833723
082 0 4 _a270.2092
_bCHA
100 1 _aAugustine, Saint,
_eauthor.
245 1 0 _aThe Confessions :
260 _bOxford Paperbacks,
_c1998.
300 _a356 pages
650 0 _aLiterary Collections.
942 _cENGLISH
040 _aYourLibrary
_beng
_cYourLibrary
999 _c604595
_d604595